Monedas Oficiales del Mundo - Estadísticas

Estadísticas generales
  • Esta prueba ha sido intentada 553 veces
  • La puntuación promedio es 122 de 200
Estadísticas de respuestas
País Moneda % Correcto
Australia | Kiribati | Nauru | Tuvalu Dólar australiano
99%
Bahamas Dólar bahameño
99%
Barbados Dólar barbadense
99%
Belice Dólar beliceño
99%
Canadá Dólar canadiense
99%
Brunéi Dólar de Brunéi
99%
Islas Salomón Dólar de las Islas Salomón
99%
Antigua y Barbuda | Dominica | Granada | +3 others Dólar del Caribe Oriental
99%
Singapur Dólar de Singapur
99%
Ecuador | Estados Unidos | Islas Marshall | +3 others Dólar estadounidense
99%
Fiyi Dólar fiyiano
99%
Guyana Dólar guyanés
99%
Jamaica Dólar jamaiquino
99%
Dólar kiribatiano
99%
Liberia Dólar liberiano
99%
Namibia Dólar namibio
99%
Nueva Zelanda Dólar neozelandés
99%
Surinam Dólar surinamés
99%
Trinidad y Tobago Dólar trinitense
99%
Dólar tuvaluano
99%
Zimbabue Dólar zimbabuense
99%
Alemania | Andorra | Austria | +23 others Euro
99%
Taiwán Nuevo dólar taiwanés
99%
Argentina Peso argentino
97%
Chile Peso chileno
97%
Colombia Peso colombiano
97%
Cuba Peso cubano
97%
República Dominicana Peso dominicano
97%
Filipinas Peso filipino
97%
México Peso mexicano
97%
Uruguay Peso uruguayo
97%
Egipto Libra egipcia
85%
Reino Unido Libra esterlina
85%
Líbano Libra libanesa
85%
Siria Libra siria
85%
Sudán Libra sudanesa
85%
Sudán del Sur Libra sursudanesa
85%
Japón Yen
85%
Perú Sol peruano
71%
Maldivas Rupia de Maldivas
70%
Mauricio Rupia de Mauricio
70%
Sri Lanka Rupia de Sri Lanka
70%
India Rupia india
70%
Indonesia Rupia indonesia
70%
Nepal Rupia nepalí
70%
Pakistán Rupia pakistaní
70%
Seychelles Rupia seychellense
70%
Bielorrusia Rublo bielorruso
69%
Rusia Rublo ruso
69%
China Renminbi
67%
Dinamarca Corona danesa
66%
Islandia Corona islandesa
66%
Noruega Corona noruega
66%
Suecia Corona sueca
66%
Burundi Franco burundés
65%
Camerún | Chad | Gabón | +3 others Franco CFA de África Central
65%
Benín | Burkina Faso | Costa de Marfil | +5 others Franco CFA de África Occidental
65%
Comoras Franco comorense
65%
República Democrática del Congo Franco congoleño
65%
Guinea Franco guineano
65%
Ruanda Franco ruandés
65%
Liechtenstein | Suiza Franco suizo
65%
Yibuti Franco yibutiano
65%
Brasil Real brasileño
60%
Macedonia del Norte Denar macedonio
57%
Argelia Dinar argelino
57%
Baréin Dinar bareiní
57%
Irak Dinar iraquí
57%
Jordania Dinar jordano
57%
Kuwait Dinar kuwaití
57%
Libia Dinar libio
57%
Serbia Dinar serbio
57%
Túnez Dinar tunecino
57%
Venezuela Bolívar venezolano
56%
Turquía Lira turca
54%
Marruecos Dírham Marroquí/Dírhem
43%
Emiratos Árabes Unidos Dírham de los Emiratos Árabes Unidos
42%
Corea del Norte Won norcoreano
40%
Corea del Sue Won surcoreano
40%
Guatemala Quetzal guatemalteco
38%
Catar Riyal catarí
36%
Arabia Saudita Riyal saudí
36%
Hungría Forinto húngaro
34%
Bosnia y Herzegovina Marco bosnioherzegovino
33%
Paraguay Guaraní paraguayo
32%
Irán Rial iraní
32%
Omán Rial omaní
32%
Yemen Rial yemení
32%
Costa Rica Colón costarricense
30%
El Salvador Colón salvadoreño
30%
Bolivia Boliviano
28%
Cabo Verde Escudo caboverdiano
28%
Polonia Esloti polaco
28%
Albania Lek albanés
26%
Moldavia Leu moldavo
26%
Rumania Leu rumano
26%
Kenia Chelín keniano
25%
Somalia Chelín somalí
25%
Tanzania Chelín tanzano
25%
Uganda Chelín ugandés
25%
Bitcoin
24%
Afganistán Afgani afgano
23%
Honduras Lempira hondureña
23%
Panamá Balboa panameño
20%
Tailandia Baht tailandés
18%
Sudáfrica Rand sudafricano
18%
Israel Nuevo séquel israelí
15%
Nicaragua Córdoba nicaragüense
14%
Bulgaria Leva búlgara
14%
Armenia Dram armenio
13%
Georgia Lari georgiano
13%
Azerbaiyán Manat azerbaiyano
13%
Turkmenistán Manat turcomano
13%
Kirguistán Som kirguís
13%
Vietnam Đồng vietnamita
12%
Uzbekistán Som uzbeko
12%
Haití Gourde haitiano
11%
Ucrania Grivna ucraniana
11%
Laos Kip laosiano
11%
Bangladesh Taka bangladesí
11%
Etiopía Birr etíope
10%
Gambia Dalasi gambiano
10%
Malaui Kwacha malauí
10%
Zambia Kwacha zambiano
10%
Lesoto Loti lesotense
10%
Nigeria Naira nigeriano
10%
Botsuana Pula botsuana
10%
Camboya Riel camboyano
10%
Malasia Ringgit malayo
10%
Kazajistán Tenge kazajo
10%
Ghana Cedi ghanés
9%
Sierra Leona Leone de Sierra Leona
9%
Madagascar Ariary malgache
8%
Papúa Nueva Guinea Kina de Papúa Nueva Guinea
8%
Myanmar Kyat birmano
8%
Mozambique Metical mozambiqueño
8%
Bután Ngultrum butanés
7%
Mongolia Tugrik mongol
7%
Mauritania Uguiya mauritana
7%
Santo Tomé y Príncipe Dobra santotomense
6%
Esuatini Lilangeni de Esuatini
6%
Tonga Pa'anga tongano
6%
Tayikistán Somoni tayiko
6%
Samoa Tālā samoano
6%
Vanuatu Vatu vanuatuano
6%
Eritrea Nafka eritreo
4%
No se encontraron pruebas coincidentes
Distribución de puntuación
Porcentaje de gente con cada puntuación
Porcentaje por número respondido
Historial de tus puntuaciones
No has intentado esta prueba.